000 00623nam a2200205 i 4500
001 56903
003 ES-MaACL
005 20230906163453.0
007 t|
008 031014s1952 sp ||||1| spa d
100 1 _aDiego Padró, J. I. de.
_944569
245 1 0 _aOcho epístolas mostrencas /
_cJ.I. de Diego Padró.
260 _aMadrid :
_b[s.n.,
_c1952] (
_fNueva Imprenta Radio)
300 _a95 p. ;
_c17 cm.
490 1 _aPalma. Serie americana ;
_v1
830 0 _aPalma. Serie americana ;
_v1
_9184330
852 _aES-MaACL
_j1947-F-4
_bR.32738
852 _aES-MaACL
_jC-21368
_bR.49787
999 _c56903
_d56903